| 000 | 00472pab a2200169 454500 | ||
|---|---|---|---|
| 008 | 180718b2012 xxu||||| |||| 00| 0 eng d | ||
| 100 | _aGauthier, Jacques-Bernard | ||
| 245 | _aFoundations of project management research: An explicit and six fact ontological framework | ||
| 260 | _c2012 | ||
| 300 | _ap.5-23. | ||
| 362 | _aOct | ||
| 650 | _aProject management | ||
| 700 | _aIka, Lavagnon A. | ||
| 773 | _aProject Management Journal | ||
| 908 | _aN | ||
| 909 | _a97792 | ||
| 999 |
_c97791 _d97791 |
||